[Event "Bishkek Smart Cup 4th"]
[Site "Bishkek"]
[Date "2019.??.??"]
[Round "5"]
[White "Atambaev, Selim"]
[Black "Esenbek, Kyzy Aizhyldyz"]
[Result "1-0"]
[WhiteElo "1451"]
[BlackElo "1112"]
[PlyCount "85"]
[EventDate "2019.02.01"]
[EventType "swiss"]
[EventRounds "9"]
[EventCountry "KGZ"]
[SourceTitle "EXT 2021"]
[Source "ChessBase"]
[SourceDate "2020.10.23"]
[SourceVersion "1"]
[SourceVersionDate "2020.10.23"]
[SourceQuality "1"]

1. c4 Nf6 2. Nf3 e6 3. d4 d5 4. Nc3 Be7 5. Bg5 0-0 6. e3 Nbd7 7. Bd3 h6 8. Bh4 b6 9. 0-0 Bb7 10. cxd5 exd5 11. Rc1 c6 12. Bg3 Nh5 13. Ne2 Nhf6 14. Bf5 Ne4 15. Bxd7 Qxd7 16. Ne5 Qe8 17. h3 f6 18. Nd3 Rc8 19. Bh2 Bd6 20. Bxd6 Nxd6 21. b3 Ba6 22. Nb4 Bb7 23. Rc2 a5 24. Nd3 Ba6 25. Nb2 Qg6 26. Re1 Ne4 27. Nf4 Qf7 28. Na4 b5 29. Nc5 Nxc5 30. Rxc5 Rfe8 31. Qc2 Bb7 32. Rc1 Qe7 33. a4 Qd7 34. Qd2 Ra8 35. axb5 Rec8 36. b6 a4 37. bxa4 Rxa4 38. Ra5 Rxa5 39. Qxa5 Ra8 40. Qc3 Ra6 41. Qc5 Qd8 42. Ne6 Qc8 43. Qe7 1-0

[Event "Bishkek Smart Cup 4th"]
[Site "Bishkek"]
[Date "2019.??.??"]
[Round "6"]
[White "Azarov, Azim"]
[Black "Esenbek, Kyzy Aizhyldyz"]
[Result "1-0"]
[WhiteElo "1236"]
[BlackElo "1112"]
[PlyCount "93"]
[EventDate "2019.02.01"]
[EventType "swiss"]
[EventRounds "9"]
[EventCountry "KGZ"]
[SourceTitle "EXT 2021"]
[Source "ChessBase"]
[SourceDate "2020.10.23"]
[SourceVersion "1"]
[SourceVersionDate "2020.10.23"]
[SourceQuality "1"]

1. d4 d5 2. c4 e6 3. cxd5 exd5 4. Nc3 Nf6 5. Bg5 Be7 6. e3 0-0 7. Qc2 h6 8. Bh4 Nbd7 9. Bd3 Re8 10. Nge2 Nf8 11. 0-0 c6 12. f3 Ne6 13. Rae1 Nh5 14. Bxe7 Rxe7 15. f4 Nf6 16. Ng3 Nf8 17. Nf5 Re8 18. Rf3 Ne6 19. Re2 c5 20. dxc5 Nxc5 21. Bb5 Re6 22. Rd2 Nce4 23. Nxe4 Rxe4 24. Ng3 Re7 25. Qd3 Qb6 26. h3 a6 27. Ba4 Qb4 28. Bb3 Ne4 29. Nxe4 dxe4 30. Qd8+ Kh7 31. Rg3 b5 32. Qf8 g5 33. Bxf7 Bb7 34. Rd8 Rxd8 35. Qxd8 Rxf7 36. fxg5 Qe1+ 37. Kh2 Rf1 38. g6+ Kg7 39. Qe7+ Kg8 40. Qh7+ Kf8 41. g7+ Ke7 42. g8Q+ Kd6 43. Qxh6+ Kc5 44. Rg5+ Bd5 45. Qxd5+ Kb4 46. Qc5+ Ka5 47. Qa3# 1-0

[Event "Bishkek Smart Cup 4th"]
[Site "Bishkek"]
[Date "2019.??.??"]
[Round "3"]
[White "Esenbek, Kyzy Aizhyldyz"]
[Black "Azarov, Alim"]
[Result "0-1"]
[WhiteElo "1112"]
[BlackElo "1292"]
[PlyCount "76"]
[EventDate "2019.02.01"]
[EventType "swiss"]
[EventRounds "9"]
[EventCountry "KGZ"]
[SourceTitle "EXT 2021"]
[Source "ChessBase"]
[SourceDate "2020.10.23"]
[SourceVersion "1"]
[SourceVersionDate "2020.10.23"]
[SourceQuality "1"]

1. d4 d5 2. c4 e6 3. Nc3 Nf6 4. Bg5 Be7 5. Nf3 0-0 6. e3 b6 7. cxd5 exd5 8. Bd3 c6 9. 0-0 Ba6 10. Ne5 Bxd3 11. Qxd3 Nfd7 12. Bxe7 Qxe7 13. Nf3 Nf6 14. Rfe1 Re8 15. Ne5 c5 16. Nf3 c4 17. Qf5 Qd7 18. Qxd7 Nbxd7 19. Nb5 Re7 20. Nd6 Ne4 21. Nxe4 Rxe4 22. Ng5 Re7 23. e4 f6 24. Nf3 dxe4 25. Nd2 Rc8 26. Nxe4 Rce8 27. Nxf6+ Nxf6 28. Red1 b5 29. g3 Re2 30. b3 Ng4 31. Rf1 Rd2 32. h3 Nf6 33. Rfd1 Ree2 34. bxc4 bxc4 35. a4 Rxf2 36. Rab1 Rg2+ 37. Kh1 Rxd1+ 38. Rxd1 Rxg3 0-1